000 00426nam a2200169Ia 4500
001 10162
003 IN-NITTTR
005 20251114233054.0
008 251113s9999||||xx |||||||||||||| ||eng||
040 _beng
040 _cIN-NITTTR
041 _aeng
082 _a658.4032 G388S
100 _aGildersleeve, Thomas R.
245 0 _aSuccessful data processing system analysis. /
_cGildersleeve, Thomas R.
942 _2ddc
_cBK
999 _c12799
_d12799